000 00470nam a2200181Ia 4500
008 131103s9999 xx 000 0 und d
020 _a586045317
040 _aLoreto College
041 _aEnglish
082 _aF/WAL
_bLCLIB/28982, 28985
100 _aWaller,Leslie
245 _aHide in plain sight
_cLeslie Waller
260 _aLondon
_bGranada Publishing
_c1978
300 _a270 p.
_c 18 cm.
650 _aFiction in English
850 _aLCLIB
942 _cBK
999 _c14299
_d64778